书目信息 |
| 题名: |
HSDPA/HSUPA技术与系统设计
|
|
| 作者: | 托斯卡拉 , 霍尔马 编著 ;叶银法 , 陆健贤 , 周胜译 译 | |
| 分册: | ||
| 出版信息: | 北京 机械工业出版社 2007.01 |
|
| 页数: | xi, 228页 | |
| 开本: | 24cm | |
| 丛书名: | ||
| 单 册: | ||
| 中图分类: | TN929.533 | |
| 科图分类: | ||
| 主题词: | 码分多址--ma fen duo zhi--移动通信--宽带通信系统--接入网 | |
| 电子资源: | ||
| ISBN: | 978-7-111-20620-0 | |
| 000 | 01630nam0 2200349 450 | |
| 001 | 012007337754 | |
| 005 | 20070926171046.06 | |
| 010 | @a978-7-111-20620-0@dCNY28.00 | |
| 100 | @a20070815d2007 km y0chiy0120 ea | |
| 101 | 1 | @achi@cfin |
| 102 | @aCN@b110000 | |
| 105 | @aa a 000yy | |
| 200 | 1 | @aHSDPA/HSUPA技术与系统设计@AHSDPA/HSUPA ji shu yu xi tong she ji@e第三代移动通信系统宽带无线接入@f(芬) Harri Holma, Antti Toskala编著@F(fen)Harri Holma,Antti Toskala bian zhu@g叶银法 ... [等] 译@Gye yin fa...[deng]yi |
| 210 | @a北京@c机械工业出版社@d2007.01 | |
| 215 | @axi, 228页@c图@d24cm | |
| 304 | @a题名页题 : 叶银法, 陆健贤, 周胜译, 蒋晓虞等译 | |
| 306 | @a本书中文简体字版由机械工业出版社出版。 | |
| 312 | @a英文并列题名取自封面。 | |
| 314 | @a责任者Holma规范汉译姓 : 霍尔马;责任者Toskala规范汉译姓 : 托斯卡拉。 | |
| 320 | @a有书目。 | |
| 330 | @a本书内容包括:HSPA标准的研究进展和未来发展蓝图;HSPA对无线网络的影响、协议结构以及网元的功能和接口,并给出了无线资源控制状态;HSPA物理层规范、无线资源管理及性能等。 | |
| 500 | 10 | @aHSDPA/HSUPA for UMTS : high speed radio access for mobile communications@mChinese |
| 517 | 1 | @a第三代移动通信系统宽带无线接入@Adi san dai yi dong tong xin xi tong kuan dai wu xian jie ru |
| 606 | 0 | @a码分多址@Ama fen duo zhi@x移动通信@x宽带通信系统@x接入网 |
| 690 | @aTN929.533@v4 | |
| 701 | 1 | @a托斯卡拉@Atuo si ka la@g(Toskala, Antti)@4编著 |
| 701 | 1 | @a霍尔马@Ahuo er ma@g(Holma, Harri)@4编著 |
| 702 | 0 | @a叶银法@Aye yin fa@4译 |
| 702 | 0 | @a陆健贤@Alu jian xian@4译 |
| 702 | 0 | @a周胜译@Azhou sheng yi@4译 |
| 801 | 0 | @aCN@c20070926 |
| 905 | @dTN929.533@eH965 | |
| HSDPA/HSUPA技术与系统设计:第三代移动通信系统宽带无线接入/(芬) Harri Holma, Antti Toskala编著/叶银法 ... [等] 译.-北京:机械工业出版社,2007.01 |
| xi, 228页:图;24cm |
| ISBN 978-7-111-20620-0:CNY28.00 |
| 本书内容包括:HSPA标准的研究进展和未来发展蓝图;HSPA对无线网络的影响、协议结构以及网元的功能和接口,并给出了无线资源控制状态;HSPA物理层规范、无线资源管理及性能等。 |
| ● |
| 相关链接 |
|
|
|
正题名:HSDPA/HSUPA技术与系统设计
索取号:TN929.533/H965
 
预约/预借
| 序号 | 登录号 | 条形码 | 馆藏地/架位号 | 状态 | 备注 |
| 1 | 245839 | 202458394 | 自科库301/301自科库 100排3列2层/ [索取号:TN929.533/H965] | 在馆 | |
| 2 | 245840 | 202458401 | 自科库301/301自科库 100排3列2层/ [索取号:TN929.533/H965] | 在馆 |